000 00372nam a2200145Ia 4500
008 240624s9999 xx 000 0 und d
041 _aeng
082 _a658.402071 CLE
100 _aCLEGG STEWART R
245 _aSAGE HANDBOOK OF ORGANISATION STUDIES
250 _a(2nd ed.)
260 _c1996
_aLondon
_bSage
300 _axxii, : 895 : p. : cm. ; 26
365 _cBPS
_b28
999 _c5739
_d5739